Sports Quiz

Random Sports or Baseball Quiz

White Sox First Round Draft Picks Quiz Stats

 Plays Quiz not verified by Sporcle

Challenge
Share
Tweet
Embed
Score 0/26 Timer 10:00
0 Plays Today
From 1985-2009 % Correct
2008Gordon Beckham
93.9%
1989Frank Thomas
86.7%
1988Robin Ventura
73.2%
2009Jared Mitchell
67.1%
2005Lance Broadway
62.2%
2000Joe Borchard
61.2%
2003Brian Anderson
59.5%
2004Josh Fields
59.2%
2007Aaron Poreda
56.5%
1987Jack McDowell
50.9%
1990Alex Fernandez
50.1%
2002Royce Ring
43%
2006Kyle McCulloch
40.8%
From 1985-2009 % Correct
2001Kris Honel
36.6%
1994Mark Johnson
34.4%
1998Kip Wells
25.8%
1999Jason Stumm
22.6%
1991Scott Ruffcorn
21.9%
1997Jason Dellaero
16.7%
1996Bobby Seay
15.2%
1999Matt Ginter
15%
1995Jeff Liefer
14.7%
1985Kurt Brown
12.8%
1992Eddie Pearson
9.1%
1986Grady Hall
8.8%
1993Scott Christman
8.4%

You're not logged in!

Compare scores with friends on all Sporcle quizzes.
Join for Free
OR
Log In

You Might Also Like...

Show Comments

Extras

Top Quizzes Today


Score Distribution

Your Account Isn't Verified!

In order to create a playlist on Sporcle, you need to verify the email address you used during registration. Go to your Sporcle Settings to finish the process.

Report this User

Report this user for behavior that violates our Community Guidelines.

Details: